000 00458cam a2200169ua 4500
020 _c1.50
041 _aeng
_h
082 _a378.013
_bCHA/TE
100 _aChandrakant, L.S .
245 _aTechnical education in India today /
_cL.S.Chandrakant.
_hTextual Documents
260 _aIndia :
_bMinistry of Scientific research & Cultural affairs ,
_c1963.
300 _a107 ; .
365 _a1.50
504 _a
942 _cBK
999 _c11764
_d11764